000 00647nam a2200229Ia 4500
003 OSt
005 20221005042605.0
006 a|||||r|||| 00| 0
007 ta
008 221004b |||||||| |||| 00| 0 ben d
024 _a20864
037 _bGift, 26/06/2015,
_cTextual
040 _aCRL
_cCRL
_bben
041 _2ben
_aben
082 _aO157,3NDI,1, L8
100 _aHashem Dilara
_9212128
245 0 _aAmalakir mou
_b A novel
260 _aDhaka
_bC.R.Saha Bangla Desh
_c1978
650 _aBENGALI LITERATURE
942 _hO157,3NDI,1, L8
_cTEXL
_2cc
999 _c950523
_d950523